| 000 | 01718cam a2200361 a 4500 | ||
|---|---|---|---|
| 090 | _c0 | ||
| 001 | 1175495 | ||
| 005 | 20030910205045.0 | ||
| 008 | 961107s1996 enka b 100 0 eng | ||
| 010 | _a96218095 | ||
| 020 | _a0471968579 | ||
| 040 |
_aDLC _cDLC _dDLC |
||
| 043 | _ae-uk-wl | ||
| 050 | 0 | 0 |
_aTC540 _b.B3 1996 |
| 082 | 0 | 0 |
_a627.123 _221 _bBAR |
| 245 | 0 | 0 |
_aBarrages, Engineering Design & Environmental Impacts : _binternational conference, 10-13 September 1996, Cardiff, UK / _cedited by Neville Burt and Jacqueline Watts. |
| 246 | 3 | _aBarrages, engineering design and environmental impacts | |
| 260 |
_aChichester ; _aNew York : _bJohn Wiley & Sons, _cc1996. |
||
| 300 |
_axi, 504 p. : _bill. ; _c25 cm. |
||
| 500 | _a"International Conference on Barrages: Engineering Design & Environmental Impacts, 10-13 September 1996, Cardiff, UK"--P. v. | ||
| 504 | _aIncludes bibliographical references. | ||
| 650 | 0 |
_aBarrages _xDesign and construction _xCongresses. |
|
| 650 | 0 |
_aBarrages _xEnvironmental aspects _zCongresses. |
|
| 650 | 0 |
_aBarrages _zWales _zCardiff _xCongresses. |
|
| 700 | 1 | _aBurt, Neville. | |
| 700 | 1 | _aWatts, Jacqueline. | |
| 711 | 2 |
_aInternational Conference on Barrages: Engineering Design & Environmental Impacts _d(1996 : _cCArdiff, Wales) |
|
| 856 | 4 | 2 |
_3Publisher description _uhttp://www.loc.gov/catdir/description/wiley033/96218095.html |
| 856 | 4 |
_3Table of Contents _uhttp://www.loc.gov/catdir/toc/onix04/96218095.html |
|
| 942 |
_2ddc _cBB |
||
| 999 |
_c10376 _d10376 |
||